| 000 | 00673cab a2200205 4500 | ||
|---|---|---|---|
| 001 | WB3309-36 | ||
| 008 | 090401t1997 xxu||||| |||| 00| 0 eng d | ||
| 035 | _a(Sirsi) u59894 | ||
| 041 | _aeng | ||
| 245 | _aImportant changes | ||
| 260 | _c1997 | ||
| 350 | _a0 | ||
| 490 |
_aEstate Agent _vFebruary 1997, 8(1) |
||
| 520 | _aOutlines the important changes to the rules for letting privately owned accommodation under Housing Act 1996 in force from 28 February 1997. | ||
| 650 | _aASSURED TENANCIES | ||
| 650 | _aHOUSING ACT 1997 | ||
| 690 | _aPROPERTY-RESIDENTIAL PROPERTY-RESIDENTIAL LANDLORD AND TENANT-RESIDENTIAL TENANCIES | ||
| 942 | _n0 | ||
| 948 | _c04/03/1997 | ||
| 999 |
_c36843 _d36843 |
||